| 000 | 005720000a22001690004500 | ||
|---|---|---|---|
| 090 |
_aAR _b01672 |
||
| 245 | 1 | 0 | _aSummary of botanical collections made in Parque Nacional Natural "El Tuparro", Vichada, Colombia |
| 650 | 1 | 4 |
_aVegetación _992799 |
| 650 | 1 | 4 |
_aColecciones biológicas _94146 |
| 650 | 1 | 4 |
_aAreas protegidas _978 |
| 651 | 4 |
_lParque Nacional Natural Tuparro _dVichada _pColombia _992749 |
|
| 041 | 0 | _aInglés | |
| 700 | 1 |
_aBarbosa Castillo, César Eduardo _98631 |
|
| 100 | 1 |
_aZarucchi, James L. _995094 |
|
| 942 | _cARTICULO | ||
| 773 | 1 |
_tPreprint _33 _q1-10 _d1987 |
|
| 999 |
_c10752 _d10752 |
||